Heartbreak house (Record no. 143963)

MARC details
000 -LEADER
campo de control de longitud fija 00561nam a2200181 4500
001 - NÚMERO DE CONTROL
campo de control 143963
003 - IDENTIFICADOR DE NÚMERO DE CONTROL
campo de control ES-MaACL
005 - FECHA Y HORA DE LA ÚLTIMA TRANSACCIÓN
campo de control 20230906200921.0
007 - CAMPO FIJO DE DESCRIPCIÓN FÍSICA--INFORMACIÓN GENERAL
campo de control de longitud fija t|
008 - DATOS DE LONGITUD FIJA--INFORMACIÓN GENERAL
campo de control de longitud fija 070214s1921 xxk r ||||1| eng d
100 1# - ENTRADA PRINCIPAL--NOMBRE DE PERSONA
Nombre de persona Shaw, Bernard.
9 (RLIN) 106025
245 10 - MENCIÓN DEL TÍTULO
Título Heartbreak house
Resto del título : ; Great Catherine ; and Playlets of the war /
Mención de responsabilidad, etc. by Bernard Shaw.
260 ## - PUBLICACIÓN, DISTRIBUCIÓN, ETC.
Lugar de publicación, distribución, etc. London :
Nombre del editor, distribuidor, etc. Constable and Co.,
Fecha de publicación, distribución, etc. 1921 (
Lugar de fabricación/manufactura Edinburgh :
Fabricante R. R. Clark)
300 ## - DESCRIPCIÓN FÍSICA
Extensión XLVII, 266 p. ;
Dimensiones 18 cm.
740 0# - ENTRADA AGREGADA--TÍTULO RELACIONADO/ANALÍTICO NO CONTROLADO
Título relacionado o analítico no controlado Great Catherine.
740 0# - ENTRADA AGREGADA--TÍTULO RELACIONADO/ANALÍTICO NO CONTROLADO
Título relacionado o analítico no controlado Playlets of the war.
852 ## - LOCALIZACIÓN
Ubicación ES-MaACL
Número de control de estantería F-5392
Holdings
Estatus retirado Estado de pérdida Estado de daño No para préstamo Biblioteca de origen Biblioteca actual Ubicación en estantería Fecha de adquisición Fuente de adquisición Total de préstamos Signatura topográfica completa Código de barras Visto por última vez Precio de reemplazo Tipo de ítem Koha
        Biblioteca del Ateneo de Madrid Biblioteca del Ateneo de Madrid Depósito 2 17/01/2008     F-5392 1149783 23/02/2023 23/02/2023 Libro impreso